[Event "Mittelfranken-chTB1 1819"]
[Site "Mittelfranken"]
[Date "2019.02.10"]
[Round "5.5"]
[White "Weh, Peter"]
[Black "Alsheimer, Lea"]
[Result "1-0"]
[WhiteElo "1747"]
[BlackElo "1781"]
[PlyCount "95"]
[EventDate "2018.10.14"]
[EventType "team-tourn"]
[EventRounds "9"]
[EventCountry "GER"]
[SourceTitle "EXT 2022"]
[Source "ChessBase"]
[SourceDate "2021.10.06"]
[SourceVersion "1"]
[SourceVersionDate "2021.10.06"]
[SourceQuality "1"]
[WhiteTeam "Erlangen Siemens"]
[BlackTeam "Bechhofen"]
[WhiteTeamCountry "GER"]
[BlackTeamCountry "GER"]

1. c4 Nf6 2. g3 c6 3. Bg2 g6 4. Nc3 Bg7 5. d4 d6 6. Nf3 0-0 7. 0-0 d5 8. cxd5 cxd5 9. Qb3 Nc6 10. e3 Na5 11. Qd1 Bg4 12. Qe1 Nc6 13. Na4 Ne4 14. Nd2 f5 15. Nb3 b6 16. f3 Nxg3 17. hxg3 Bh5 18. Nc3 e5 19. dxe5 Bxe5 20. f4 Bxc3 21. Qxc3 Rc8 22. Nd4 Nxd4 23. Qxd4 g5 24. Qxd5+ Qxd5 25. Bxd5+ Kg7 26. Bd2 Rcd8 27. Bc3+ Kh6 28. Bb3 gxf4 29. gxf4 Rfe8 30. Kf2 Kg6 31. Rg1+ Bg4 32. Rad1 Rxd1 33. Bxd1 h5 34. Bc2 Kh6 35. Bd4 h4 36. Bb3 Rf8 37. Rh1 h3 38. Kg3 Rc8 39. Kh4 Kg6 40. e4 Rd8 41. exf5+ Bxf5 42. Rg1+ Kh6 43. Bg7+ Kh7 44. Bf6 Rf8 45. Kg5 Be4 46. Rg4 Rg8+ 47. Bxg8+ Kxg8 48. Rh4 1-0

[Event "Mittelfrankenliga-B2a 0506"]
[Site "Germany"]
[Date "2005.11.20"]
[Round "2.5"]
[White "Schoemig, Anton"]
[Black "Weh, Peter"]
[Result "1/2-1/2"]
[WhiteElo "1866"]
[BlackElo "1839"]
[PlyCount "149"]
[EventDate "2005.10.16"]
[EventType "team"]
[EventRounds "9"]
[EventCountry "GER"]
[SourceTitle "EXT 2007"]
[Source "ChessBase"]
[SourceDate "2006.11.23"]
[SourceVersion "1"]
[SourceVersionDate "2006.11.23"]
[SourceQuality "1"]

1. e4 e6 2. d4 d5 3. exd5 exd5 4. Bd3 Bd6 5. Ne2 Qh4 6. Nd2 Bg4 7. h3 Bh5 8. c3 Ne7 9. Qb3 0-0 10. Nf1 Nbc6 11. Qc2 Bg6 12. Be3 Bxd3 13. Qxd3 a6 14. 0-0-0 Na5 15. Nd2 Qh5 16. Nf4 Bxf4 17. Bxf4 Rac8 18. Rde1 Qg6 19. Qxg6 Nxg6 20. Bg3 b6 21. b4 Nb7 22. Nb3 Nd8 23. Kd2 Ne6 24. a4 Ng5 25. f3 Ne6 26. Nc1 Rfe8 27. Nd3 Ne7 28. Bh2 Nf5 29. Nf4 Nxf4 30. Bxf4 c6 31. Rxe8+ Rxe8 32. Re1 Rxe1 33. Kxe1 f6 34. Ke2 b5 35. axb5 axb5 36. g4 Ne7 37. h4 Kf7 38. Bd6 Ng6 39. h5 Nh8 40. Ke3 g6 41. hxg6+ hxg6 42. g5 Ke6 43. Bf4 fxg5 44. Bxg5 Kf5 45. Bd8 Nf7 46. Bc7 Ng5 47. Be5 Ne6 48. Bd6 g5 49. Be5 Nf8 50. Bd6 Nd7 51. Bc7 g4 52. fxg4+ Kxg4 53. Bd8 Nf8 54. Be7 Ne6 55. Bf6 Nf4 56. Be5 Ng2+ 57. Kf2 Nh4 58. Bb8 Nf3 59. Ke3 Ng5 60. Bc7 Ne4 61. Kd3 Kf3 62. Be5 Nf2+ 63. Kd2 Ke4 64. Bg3 Ng4 65. Bh4 Ne3 66. Bg5 Nc4+ 67. Kc2 Nd6 68. Be7 Nf5 69. Bg5 Ng3 70. Bh4 Nf1 71. Bg5 Nh2 72. Bc1 Nf3 73. Bh6 Ne1+ 74. Kd2 Nf3+ 75. Kc2 1/2-1/2